Statistics for Top 30 NBA 2019 Players

Click here to take the quiz!

General Stats

  • This quiz has been taken 279 times
  • The average score is 26 of 30

Answer Stats

RankPlayerTeam% Correct
1Giannis AntetokounmpoMilwaukee Bucks
100%
6Kevin DurantGolden State Warriors
100%
3Stephen CurryGolden State Warriors
100%
2James HardenHouston Rockets
99%
5Kawhi LeonardToronto Raptors
98%
12LeBron JamesLos Angeles Lakers
98%
4Nikola JokicDenver Nuggets
98%
10Russell WestbrookOklahoma City Thunder
98%
8Damian LillardPortland Trail Blazers
97%
9Joel EmbiidPhiladelphia 76ers
97%
13Anthony DavisNew Orleans Pelicans
95%
28Luka DoncicDallas Mavericks
91%
7Paul GeorgeOklahoma City Thunder
91%
15Rudy GobertUtah Jazz
91%
20Bradley BealWashington Wizards
90%
17Kyrie IrvingBoston Celtics
89%
14Kemba WalkerCharlotte Hornets
88%
23Khris MiddletonMilwaukee Bucks
87%
24Ben SimmonsPhiladelphia 76ers
86%
27Donovan MitchellUtah Jazz
86%
21Karl-Anthony TownsMinnesota Timberwolves
85%
29Kyle LowryToronto Raptors
85%
11Blake GriffinDetroit Pistons
84%
25DeMar DeRozanSan Antonio Spurs
83%
30Pascal SiakamToronto Raptors
80%
18LaMarcus AldridgeSan Antonio Spurs
74%
26Andre DrummondDetroit Pistons
71%
16Nikola VucevicOrlando Magic
62%
22D'Angelo RussellBrooklyn Nets
61%
19Lou WilliamsLos Angeles Clippers
59%

Score Distribution

Percentile by Number Answered

Percent of People with Each Score

Your Score History

You have not taken this quiz